| 000 | 00994nam a2200181 i 4500 | ||
|---|---|---|---|
| 001 | 187492 | ||
| 003 | ES-MaACL | ||
| 005 | 20250826054859.0 | ||
| 008 | 170829m17991800gw |||| | lat d | ||
| 100 | 1 |
_aPloucquet, Wilhelm Gottfried ( _d1744-1814) _9163546 |
|
| 245 | 1 | 0 |
_aBibliotheca medico-practica et chirurgica realis recentior, sive Continuatio et supplementa Initiorum bibliothecae medico-practicae et chirurgicae, sive repertorii medicinae practicae et chirurgiae. _n1er Supplément : I, "A-H" ; II, "I-Z". / _ccommunicat D. Guilielmus Godofredus Ploucquet. |
| 260 |
_aTubingae : _bapud Joannem Georgium Cottam, _c1799-1800. |
||
| 300 |
_a2 v. (XXVI-700, 687 p.) ; _c22 cm. |
||
| 500 | _aSuplemento de: Initia bibliothecae medico-practicae et chirurgicae realis, sive repertorii medicinae practicae et chirurgiae communicat D. Guilielmus Godofredus Ploucquet. | ||
| 650 | 7 |
_aMedicina- _vBibliografĂas _2 _9158981 |
|
| 852 |
_aES-MaACL _jR-2787-88 |
||
| 999 |
_c187492 _d187492 |
||